Britain in the sixties : The crown and the establishment

Na minha lista:
Detalhes bibliográficos
Autor principal: Martin, Kingsley
Formato: Livro
Idioma:Undetermined
Publicado em: London Penguin Books 1962
Assuntos:
Tags: Adicionar Tag
Sem tags, seja o primeiro a adicionar uma tag!
Thư viện lưu trữ: Trung tâm Học liệu Trường Đại học Cần Thơ
LEADER 00586nam a2200217Ia 4500
001 CTU_82474
008 210402s9999 xx 000 0 und d
082 |a 942.085 
082 |b M379 
100 |a Martin, Kingsley 
245 0 |a Britain in the sixties : 
245 4 |b The crown and the establishment 
245 0 |c Kingsley Martin 
260 |a London 
260 |b Penguin Books 
260 |c 1962 
650 |a Great Britain 
650 |x Politics and government 
650 |y 1945-1964 
904 |i Tuyến, QHieu 
980 |a Trung tâm Học liệu Trường Đại học Cần Thơ